Największe miasta Azji - wersja trudna - Statystyki

Ogólne statystyki
  • Ten quiz został rozwiązany 26 razy
  • Średni wynik to 51 z 200
Statystyki odpowiedzi
Populacja Obszar miejski % Poprawnych
21.2 m Pekin
100%
41.0 m Tokio
96%
5.15 m Ankara
88%
34.6 m Delhi
83%
9.30 m Kuala Lumpur
83%
27.2 m Manila
83%
17.7 m Osaka
83%
25.1 m Seul
83%
21.2 m Bangkok
79%
29.2 m Dżakarta
79%
7.15 m Hanoi
79%
70.1 m Kanton / Shenzhen
79%
7.50 m Rijad
79%
7.85 m Singapur
79%
15.9 m Stambuł
79%
12.2 m Wuhan
79%
17.7 m Kolkata
75%
27.1 m Mumbaj
75%
3.00 m Pjongjang
75%
3.80 m Rawalpindi / Islamabad
75%
40.8 m Szanghaj / Suzhou
75%
16.5 m Teheran
75%
7.65 m Bagdad
71%
3.67 m Baku
71%
1.90 m Bejrut
71%
3.87 m Damaszek
71%
22.5 m Dhaka
71%
5.95 m Dubaj
71%
2.60 m Doha
67%
13.9 m Ho Chi Minh
67%
7.25 m Hong Kong
67%
5.05 m Kabul
67%
20.9 m Karaczi
67%
2.95 m Tel Awiw / Jaffa
67%
2.50 m Sapporo
63%
17.3 m Chengdu
58%
1.87 m Hiroszima
58%
4.77 m Kuwejt
58%
2.60 m Mekka
58%
3.77 m Taszkent
58%
6.00 m Amman
54%
10.9 m Chongqing
54%
3.00 m Izmir
54%
3.12 m Katmandu
54%
2.82 m Phnom Penh
54%
9.95 m Tajpej
54%
2.62 m Ałmaty
50%
4.92 m Kolombo
50%
10.5 m Nagoja
50%
12.8 m Xi'an
50%
12.6 m Ćennaj
46%
3.92 m Dżudda
46%
14.5 m Lahaur
46%
1.86 m Nowosybirsk
46%
4.00 m Busan
42%
14.2 m Bangalore
38%
11.4 m | 2.42 m Hajdarabad
38%
9.30 m Nankin
38%
11.5 m Tiencin
38%
1.94 m Aleppo
33%
2.82 m Fukuoka
33%
1.86 m Jekaterynburg
33%
5.90 m Surabaja
33%
5.00 m Ćottogram
29%
3.37 m Isfahan
29%
8.70 m Shenyang
29%
1.70 m Abu Dhabi
25%
1.67 m Basra
25%
2.17 m Bursa
25%
11.0 m Changsha
25%
5.30 m Dalian
25%
13.9 m Hangzhou
25%
7.75 m Surat
25%
14.9 m Xiamen
25%
9.80 m Zhengzhou
25%
9.60 m Ahmedabad
21%
2.72 m Daegu
21%
4.65 m Fuzhou
21%
5.45 m Harbin
21%
4.40 m Jaipur / Dźajpur
21%
6.15 m Jangon
21%
4.12 m Lucknow
21%
3.50 m Nagpur
21%
2.90 m Patna
21%
7.75 m Pune
21%
1.91 m Sziraz
21%
2.55 m Agra
17%
6.95 m Bandung
17%
5.05 m Changchun
17%
7.80 m Hefei
17%
1.65 m Koczin
17%
6.50 m Kunming
17%
1.74 m Mandalaj
17%
1.94 m Tebriz
17%
2.20 m Gaza
13%
1.72 m Gaziantep
13%
6.55 m Jinan
13%
3.42 m Meszhed
13%
2.30 m Multan
13%
5.30 m Nanning
13%
7.30 m Ningbo
13%
7.45 m Qingdao
13%
8.00 m Shantou
13%
2.07 m Waranasi
13%
1.77 m Adana
8%
1.74 m Angeles
8%
2.75 m Cebu
8%
1.68 m Davao
8%
4.05 m Fajsalabad
8%
3.15 m Gudźranwala
8%
3.62 m Indore
8%
3.50 m Lanzhou
8%
2.17 m Okayama
8%
1.76 m Palembang
8%
3.17 m Sana'a
8%
6.20 m Shijiazhuang
8%
1.68 m Surakarta
8%
5.10 m Wenzhou
8%
2.35 m Anszan
4%
3.27 m Bhilai / Raipur
4%
2.67 m Bhopal
4%
2.67 m Chandigarh
4%
3.00 m Coimbatore
4%
2.82 m Dammam
4%
1.66 m Dźodhpur
4%
2.07 m Ganzhou
4%
2.05 m George Town
4%
1.76 m Guilin
4%
2.67 m Haikou
4%
1.87 m Huainan
4%
1.84 m Jining
4%
3.65 m Kanpur
4%
2.75 m Kaohsiung
4%
4.45 m Linyi
4%
2.42 m Liuzhou
4%
3.60 m Luoyang
4%
1.93 m Maduraj
4%
1.79 m Makasar
4%
1.75 m Malang
4%
4.20 m Medan
4%
4.97 m Nanchang
4%
3.35 m Nantong
4%
2.45 m Peszawar
4%
2.10 m Semarang
4%
1.77 m Srinagar
4%
5.95 m Taiyuan
4%
4.85 m Urumqi
4%
2.27 m Widźajawada
4%
1.79 m Wuhu
4%
2.17 m Xining
4%
2.25 m Yangzhou
4%
1.78 m Yogyakarta
4%
1.84 m Zaozhuang
4%
1.84 m Zhanjiang
4%
3.87 m Zibo
4%
1.91 m Anyang
0%
1.72 m Asansol
0%
2.02 m Aurangabad
0%
2.15 m Baoding
0%
2.17 m Baotou
0%
1.94 m Bengbu
0%
2.07 m Bhubaneswar
0%
1.77 m Cangnan
0%
1.85 m Daqing
0%
1.95 m Datong
0%
5.05 m Guiyang
0%
2.82 m Handan
0%
2.72 m Hohhot
0%
1.90 m Huai'an
0%
1.69 m Huzhou
0%
1.80 m Jamshedpur
0%
3.10 m Jiangyin
0%
2.17 m Jiaxing
0%
1.97 m Kitakiusiu
0%
1.63 m Kwangdzu
0%
2.12 m Ludhijana
0%
1.89 m Meerut
0%
1.74 m Mianyang
0%
2.35 m Nashik
0%
2.02 m Pingdingshan
0%
1.67 m Puyang
0%
1.68 m Qinhuangdao
0%
2.15 m Radźkot
0%
1.67 m Shangqiu
0%
2.77 m Taichung
0%
2.57 m Taizhou
0%
2.70 m Tangshan
0%
2.40 m Vadodara
0%
3.17 m Weifang
0%
2.42 m Wiśakhapatnam
0%
1.77 m Xiangyang
0%
1.64 m Xingtai
0%
2.60 m Xinxiang
0%
3.07 m Xuzhou
0%
2.50 m Yantai
0%
2.40 m Yinchuan
0%
2.57 m Yiwu
0%
2.55 m Zhuhai
0%
1.94 m Zunyi
0%
Nie znaleziono quizów pasujących do podanych kryteriów
Rozkład punktacji
Procent ludzi z każdym wynikiem
Percentyl według liczby udzielonych odpowiedzi
Twoja historia wyników
Nie rozwiązałeś tego quizu